Zhodnotenie výhod a nevýhod organizačných štruktúr v podnikoch SR bakalárska práca

Na minha lista:
Detalhes bibliográficos
Autor principal: Sciranková, Denisa
Autor Corporativo: Podnikovohospodárska fakulta EU so sídlom v Košiciach. Katedra manažmentu
Outros Autores: Vavrinčík, Pavel
Formato: Livro
Idioma:eslovaco
Publicado em: Košice 2011
Tags: Adicionar Tag
Sem tags, seja o primeiro a adicionar uma tag!

MARC

LEADER 00000nbm a2200000 4500
001 0139439
005 20161109111623.0
041 0 |a slo 
044 |a SK 
245 1 0 |a Zhodnotenie výhod a nevýhod organizačných štruktúr v podnikoch SR  |b bakalárska práca  |c Denisa Sciranková ; školiteľ: Pavel Vavrinčík 
264 1 |a Košice  |c 2011 
300 |a 52 s. 
100 1 |a Sciranková, Denisa 
700 1 |a Vavrinčík, Pavel 
710 2 |a Podnikovohospodárska fakulta EU so sídlom v Košiciach. Katedra manažmentu